Making the most of your National Youth Service Corps Year presciption for a happy NYSC year

Gespeichert in:
Bibliographische Detailangaben
1. Verfasser: OPAPEJU, Opeoluwa
Format: Buch
Sprache:Englisch
Veröffentlicht: Lifequest Publisher 2016
Tags: Tag hinzufügen
Keine Tags, Fügen Sie den ersten Tag hinzu!

MARC

LEADER 00000nam a22000007a 4500
008 210707b ||||| |||| 00| 0 eng d
020 |a 9783570234 
100 |a OPAPEJU, Opeoluwa 
245 |a Making the most of your National Youth Service Corps Year  |b presciption for a happy NYSC year  |c Opeoluwa Opepeju  |g X, 62p. : ill. 
250 |b 3rd. ed. 
260 |b Lifequest Publisher  |c 2016  |h Ibadan  |i 689308  |l HN 831. OP1  |m National Youth Service Corps ( Nigeria)  |m National Service - Nigeria  |m Young volunteers in community development 
942 |a lcc  |c BK  |e ADEYEYE Y. S.  |f 07/07/2021 
952 |0 0  |1 0  |2 lcc  |4 0  |6 HN0831 O P I  |7 0  |9 2726  |a HOL  |b HOL  |c GJ  |d 2021-07-07  |l 0  |o HN 831.OPI  |p 2021-6571  |r 2021-07-07 00:00:00  |w 2021-07-07  |y BK 
999 |c 1421  |d 1421